00415nam a22001337a 450000500170000000800410001704100130005808200130007110000130008424500400009726000870013730000310022465000260025520240531070546.0240531b |||||||| |||| 00| 0 eng d aEnglish  a349 LAW  lEnglish  aThe Law Reports: Chancery Division  aLondon: bThe Incorporated Council of Law Reporting for England and Wales, c1923  bxxii, 609 pages; c25 cm.  aLegal practice bLaw